000 00315nam a22001217a 4500
008 180607b xxu||||| |||| 00| 0 eng d
041 _aeng
080 _a043.3
100 _a0
101 _aSHKI-BA
245 _aCDN and content and compression - their effect the web page performance
_cBeqiri, J
942 _2udc
_cBK
999 _c46535
_d46535